[Event "Oviedo op 8th"]
[Site "Oviedo"]
[Date "2022.07.22"]
[Round "8"]
[White "Soares, Sara Joana de Moura"]
[Black "Martinez Hurtado, Manuel"]
[Result "1/2-1/2"]
[WhiteElo "1522"]
[BlackElo "1722"]
[PlyCount "191"]
[EventDate "2022.07.17"]
[EventType "swiss"]
[EventRounds "9"]
[EventCountry "ESP"]
[SourceTitle "CBM 209 Extra"]
[Source "ChessBase"]
[SourceDate "2022.09.30"]
[SourceVersion "1"]
[SourceVersionDate "2022.09.30"]
[SourceQuality "1"]

1. d4 d5 2. c4 c6 3. Nc3 Nf6 4. Nf3 dxc4 5. e3 b5 6. a4 Qb6 7. axb5 cxb5 8. b3 Ba6 9. bxc4 bxc4 10. Qa4+ Nfd7 11. Ne5 Qc7 12. Nd5 Qb7 13. Nxd7 Nxd7 14. Qa5 Nb6 15. Nb4 e6 16. Nxa6 Bd6 17. Qb5+ Ke7 18. Ba3 Bxa3 19. Rxa3 Rhc8 20. Qb4+ Ke8 21. f3 Qd5 22. Be2 Qg5 23. 0-0 Qg6 24. e4 Qh6 25. Rc3 Qd2 26. Bd1 Qxd4+ 27. Kh1 f6 28. Ba4+ Kf7 29. Bb5 Kg6 30. Rfc1 Rd8 31. Bxc4 Rac8 32. Bf1 Rxc3 33. Qxc3 Qf2 34. Bd3 Qe3 35. Rd1 e5 36. h3 Rc8 37. Qd2 Qd4 38. f4 Nc4 39. f5+ Kf7 40. Qa2 Ke7 41. Bc2 Qc3 42. Qa4 Nb6 43. Qb3 Qxc2 44. Qe6+ Kf8 45. Qd6+ Kg8 46. Qe6+ Kh8 47. Qd6 h6 48. Qd3 Qa4 49. Kh2 Nc4 50. Qd5 Qxa6 51. Qd3 Qa3 52. Qd7 Nb6 53. Qb7 Qc5 54. Qxa7 Qc6 55. Qe7 Qc7 56. Qb4 Rd8 57. Rb1 Nd7 58. Qb5 Qc5 59. Qb7 Qd4 60. Rc1 Nc5 61. Qe7 Na6 62. Ra1 Qd6 63. Qb7 Nc5 64. Qf7 Qd7 65. Qc4 Rc8 66. Rc1 Qd4 67. Qf7 Qxe4 68. Rxc5 Qf4+ 69. Kh1 Rd8 70. Qb3 Qf1+ 71. Kh2 Qxf5 72. Rc7 Rd3 73. Qc2 Qf4+ 74. Kh1 e4 75. Re7 Rd2 76. Qb1 Qg3 77. Re8+ Kh7 78. Qxe4+ Qg6 79. Rh8+ Kxh8 80. Qxg6 Rb2 81. Kh2 Kg8 82. Qe8+ Kh7 83. Qe4+ Kg8 84. Kg3 Rb3+ 85. Kh4 Ra3 86. Kh5 Ra5+ 87. Kh4 Ra3 88. Kg4 Ra5 89. Qc4+ Kh7 90. h4 Re5 91. g3 Kh8 92. Kf4 Kh7 93. g4 Ra5 94. Qb4 Re5 95. g5 hxg5+ 96. hxg5 1/2-1/2